Kirjaimella I alkavien valtioiden liput - Statistics

Yleistilastot
  • Tätä visaa on pelattu 1 713 kertaa
  • Keskiarvotulos 9 / 10
Vastaustilastot
Kuvavisa Vastaus % Oikein
Italia
99%
Islanti
98%
Israel
98%
Irlanti
96%
Intia
95%
Iran
94%
Irak
93%
Itävalta
92%
Indonesia
91%
Itä-Timor
72%
Ehtoja vastaavia visoja ei löytynyt
Tulosjakauma
Jokaisen tuloksen saaneiden osuus
Persentiili vastausten määrän mukaan
Tuloshistoriasi
Et ole pelannut tätä visaa